000 00788nam a2200241Ia 4500
003 OSt
005 20220923212143.0
006 a|||||r|||| 00| 0
007 ta
008 220922b |||||||| |||| 00| 0 hin d
024 _a151,172
037 _cTextual
040 _aARTS
_cARTS
_bhin
041 _2hin
_ahin
082 _aO111,1:g, 152L4
100 _aगुप्त, शान्तिस्वरूप
245 0 _aकल्पना-तत्व
246 _aKalpanā-tatva
260 _aदिल्ली
_b गजेन्द्र प्रेस
_c1974
650 _aअंग्रेजी साहित्य
_9156276
942 _hO111,1:g, 152L4
_cTEXL
_2CC
999 _c306845
_d306845